000 00625nam a2200253Ia 4500
003 OSt
005 20220918193019.0
006 a|||||r|||| 00| 0
007 ta
008 220917b |||||||| |||| 00| 0 eng d
024 _a71,508
037 _cTextual
040 _aARTS
_cARTS
_beng
041 _2eng
_aeng
082 _aR4, K1
100 _aLillie E William
_980848
245 0 _aIntroduction to ethics
250 _a3rd
260 _aLondon
_bMethuen
_c1955
490 _aUniversity paperbacks
650 _aETHICS
942 _hR4, K1
_cTEXL
_2CC
999 _c197581
_d197581